Landlord and Tenant Covenants Act 1995 - Part 1: privity of contract, AGAs, overriding leases, etc. (Record no. 65916)

MARC details
000 -LEADER
fixed length control field 01244cam a2200253 4500
001 - CONTROL NUMBER
control field ABS63442
008 - FIXED-LENGTH DATA ELEMENTS--GENERAL INFORMATION
fixed length control field 000000n2000 000 0 eng u
035 ## - SYSTEM CONTROL NUMBER
System control number (Sirsi) u110610
245 ## - TITLE STATEMENT
Title Landlord and Tenant Covenants Act 1995 - Part 1: privity of contract, AGAs, overriding leases, etc.
260 ## - PUBLICATION, DISTRIBUTION, ETC.
Date of publication, distribution, etc. 2000
490 ## - SERIES STATEMENT
Series statement Commercial Property
Volume/sequential designation 3(5) December 2000, 2-7(6)
520 ## - SUMMARY, ETC.
Summary, etc. The first half of a two part article which looks at the key sections of the Landlord and Tenant Covenants Act 1995. Part 1 discusses the abolition of 'privity of contract', also known as 'the original tenant liability rule'; the introduction of authorised guarantee agreements or AGAs; changes to the law on the assignment of leases; serving former tenants and guarantors with s17 notices; and the introduction of overriding leases. Practical tips on the Act are given together with recent case law.
590 ## - LOCAL NOTE (RLIN)
Local note ABS
650 ## - SUBJECT ADDED ENTRY--TOPICAL TERM
Topical term or geographic name entry element ASSIGNMENT
650 ## - SUBJECT ADDED ENTRY--TOPICAL TERM
Topical term or geographic name entry element AUTHORISED GUARANTEE AGREEMENTS
650 ## - SUBJECT ADDED ENTRY--TOPICAL TERM
Topical term or geographic name entry element CASE LAW
650 ## - SUBJECT ADDED ENTRY--TOPICAL TERM
Topical term or geographic name entry element LANDLORD AND TENANT COVENANTS ACT 1995
650 ## - SUBJECT ADDED ENTRY--TOPICAL TERM
Topical term or geographic name entry element LEASES
650 ## - SUBJECT ADDED ENTRY--TOPICAL TERM
Topical term or geographic name entry element OVERRIDING LEASES
650 ## - SUBJECT ADDED ENTRY--TOPICAL TERM
Topical term or geographic name entry element PRIVITY OF CONTRACT
650 ## - SUBJECT ADDED ENTRY--TOPICAL TERM
Topical term or geographic name entry element SECTION 17 NOTICES
690 ## - LOCAL SUBJECT ADDED ENTRY--TOPICAL TERM (OCLC, RLIN)
Topical term or geographic name as entry element PROPERTY-LANDLORD AND TENANT
942 ## - ADDED ENTRY ELEMENTS (KOHA)
Suppress in OPAC 0
Holdings
Withdrawn status Lost status Source of classification or shelving scheme Damaged status Not for loan Home library Current library Shelving location Date acquired Total Checkouts Full call number Barcode Date last seen Copy number Price effective from Koha item type
    Dewey Decimal Classification     London London Journal article 29/01/2001   ABS63442 110610-1001 06/08/2019 1 06/08/2019 Journal article